000 00885nam a22002777a 4500
003 OSt
005 20260424020508.0
008 260424b |||||||| |||| 00| 0 eng d
020 _a978-971-821-953-5
040 _aDWCL Main Lib.
_cOC
082 _2Second Edition
_a337 C716 2020
100 _aSalado, Fretzie
245 _aThe Contemporary World/
_cFretzie Salado
250 _aSecond Edition
260 _aMalabon City :
_bMutya Publishing House Inc.,
_cc2020.
300 _a169 pages :
_billustrations ;
_c26cm.
504 _aIncludes bibliographical references
650 _a1. Globalization
650 _a2. Social Change
700 _aFrancis Thaise A. Cimene
700 _aMa. Cynthia Fe V. Siwagan
700 _aWinston B. Gallinero
700 _aMaria Eliza D. Santander
760 _bSecond Edition
942 _2ddc
_cBK - FIL
_eSecond Edition
_hFil.
_n0
999 _c9825
_d9825